<?xml version="1.0" encoding="UTF-8"?>
<collection xmlns="http://www.loc.gov/MARC21/slim">
 <record>
  <leader>     na                 </leader>
  <controlfield tag="001">INLIS000000000698051</controlfield>
  <controlfield tag="005">20251230041637</controlfield>
  <datafield tag="035" ind1=" " ind2=" ">
   <subfield code="a">0010-0925000001</subfield>
  </datafield>
  <controlfield tag="007">ta</controlfield>
  <controlfield tag="008">251230                g          1      </controlfield>
  <datafield tag="020" ind1=" " ind2=" ">
   <subfield code="a">978-623-89818-1-6</subfield>
  </datafield>
  <datafield tag="082" ind1=" " ind2=" ">
   <subfield code="a">808.839 922 3</subfield>
  </datafield>
  <datafield tag="084" ind1=" " ind2=" ">
   <subfield code="a">808.839 922 3 WAH l</subfield>
  </datafield>
  <datafield tag="100" ind1="0" ind2=" ">
   <subfield code="a">Wahyu Rizki</subfield>
  </datafield>
  <datafield tag="245" ind1="1" ind2=" ">
   <subfield code="a">Lilin lan Lintang :</subfield>
   <subfield code="b">Kumpulan Cerita Cendhek Basa Using /</subfield>
   <subfield code="c">Wahyu Rizki; Editor, Wahyu Rizki, Yusup Khoiri</subfield>
  </datafield>
  <datafield tag="250" ind1=" " ind2=" ">
   <subfield code="a">Cet. 1</subfield>
  </datafield>
  <datafield tag="260" ind1=" " ind2=" ">
   <subfield code="a">Banyuwangi :</subfield>
   <subfield code="b">Dinas Perpustakaan dan Kearsipan Kabupaten Banyuwangi,</subfield>
   <subfield code="c">2025</subfield>
  </datafield>
  <datafield tag="300" ind1=" " ind2=" ">
   <subfield code="a">vi, 69 hlm. ;</subfield>
   <subfield code="c">21 cm</subfield>
  </datafield>
  <datafield tag="650" ind1=" " ind2="4">
   <subfield code="a">Kesusastraan -- Kumpulan -- Cerita pendek</subfield>
  </datafield>
  <datafield tag="520" ind1=" " ind2=" ">
   <subfield code="a">Buku ini merupakan sumbangan berharga bagi kekayaan sastra dan budaya Using, yang menjadi identitas khas masyarakat Banyuwangi. Cerita-cerita pendek yang terkandung dalam buku ini tidak hanya menghibur, tetapi juga menjadi media yang efektif dalam melestarikan dan memperkenalkan bahasa Using kepada generasi muda serta masyarakat luas.</subfield>
  </datafield>
  <datafield tag="990" ind1=" " ind2=" ">
   <subfield code="a">00089/DPKBWI/2025</subfield>
  </datafield>
  <datafield tag="990" ind1=" " ind2=" ">
   <subfield code="a">00090/DPKBWI/2025</subfield>
  </datafield>
 </record>
</collection>
